00423nam a2200157Ia 4500008004100000020000700041082001700048100002000065245003900085250000800124260004200132300003000174500001900204600002700223650001500250240925s9999 xx 000 0 und d aNA a621.3811 AGG aAggarwal, K. K. 0aControl System Analysis and Design a1st aNew Delhi:bKhanna Publishersc,2014. axxxii, 510p.b0fOriginal aIncludes Index aElectronic Engineering aTechnology